History Quiz

Random History or Biography Quiz
Score 0/30 Timer 05:00
1 Play Today
% Correct
Muhammad
99%
Margaret
98.7%
Michelle
98.5%
Marco
98.4%
Meryl
97.5%
Marie
96.8%
Marilyn
94.9%
Martin
93.8%
Mikhail
93.3%
Mark
92%
Mohandas
91.2%
Mary
87.7%
Michelangelo
86.9%
Maya
85.2%
Muammar
84.7%
% Correct
Marcus
81.5%
Miguel
81.3%
Marlene
79.4%
Moshe
76.5%
Malala
76.3%
Meriwether
75.7%
Michael
74.8%
Martina
73.6%
Marcello
72.9%
Marcel
71.4%
Maximilien
65.5%
Manfred
64%
Martti
61.9%
Millicent
59.2%
Marc
58.7%
Remove Ads.
Support Sporcle.
Get the best of Sporcle when you Go Orange. This ad-free experience offers more features, more stats, and more fun while also helping to support Sporcle. Thank you for becoming a member.

You're not logged in!

Compare scores with friends on all Sporcle quizzes.
OR
Log In

Sporcle TV

Today on Sporcle TV


Watch our educational content, quiz creation guides, and fun videos on Sporcle TV.

Show Comments

Extras

Top Quizzes Today


Score Distribution

Paid Content

Your Account Isn't Verified!

In order to create a playlist on Sporcle, you need to verify the email address you used during registration. Go to your Sporcle Settings to finish the process.

Report this User

Report this user for behavior that violates our Community Guidelines.

Details: